000
00325nam a2200109Ia 4500
008
171211s9999 xx 000 0 und d
245
_a
Tonal Harmony: With an Introduction to Twentieth-Century Music
245
_c
Stefan Kostka
260
_c
1994
650
_x
music
856
_u
http://down.ebook777.com/058/9780070358744.pdf
999
_c
348719
_d
348719